000 00501nam a2200193Ia 4500
005 20250923144827.0
008 008 250917s9999 xx 000 0 eng d
037 _aTextual
040 _aDSWL
_beng
_cDSWL
041 _aeng
_2eng
084 _qDSWL
245 0 _aReport of the committee of direction, The survey rules
260 _aNew Delhi
_bDelhiMinistry of Labour
_c1962
300 _aii,198p.
365 _aINR
_b6.50
925 _g6.50
942 _cTEXL
999 _c1443834
_d1443834